Bollywood in the age of new media/ (Record no. 78753)

MARC details
000 -LEADER
fixed length control field 00737nam a22002057a 4500
005 - DATE AND TIME OF LATEST TRANSACTION
control field 20130906155551.0
010 ## - LCCN (DPL NO)
LC control number B-512533-537
020 ## - INTERNATIONAL STANDARD BOOK NUMBER
International Standard Book Number 9788125047551
Terms of availability 650.00
035 ## - SYSTEM CONTROL NUMBER
System control number B-512533-537
037 ## - SOURCE OF ACQUISITION
Stock number BSB/Ven
Source of stock number/acquisition DPL
082 ## - DEWEY DECIMAL CLASSIFICATION NUMBER
Classification number 791.430954
100 ## - MAIN ENTRY--PERSONAL NAME
Personal name Basu, Anustup
245 ## - TITLE STATEMENT
Title Bollywood in the age of new media/
Statement of responsibility, etc by Anustup Basu
260 ## - PUBLICATION, DISTRIBUTION, ETC. (IMPRINT)
Place of publication, distribution, etc New Delhi
Name of publisher, distributor, etc Orient Blackswan Pvt. Ltd.
270 ## - ADDRESS
Address Orient Blackswan Pvt. Ltd.,1/24 Asaf Ali Road,
City New Delhi
Postal code 110002
Electronic mail address delhi@orientblackswan.com
300 ## - PHYSICAL DESCRIPTION
Extent x,262p.
Other physical details ill.
Dimensions 19cm.(Pbk)
500 ## - GENERAL NOTE
General note Include Indexing
942 ## - ADDED ENTRY ELEMENTS (KOHA)
Source of classification or shelving scheme Dewey Decimal Classification
Item type English Books
Call number suffix BAS
Classification part 791.430954
Holdings
Withdrawn status Lost status Not for loan Collection code Home library Current library Date acquired Source of acquisition Cost, normal purchase price Full call number Barcode Copy number Cost, replacement price Koha item type
      Non-fiction Central Library Central Library 06/09/2013 BSB/BL883/09.03.2013/169/08.03.2013/22.03.2013 650.00 791.430954 BAS B-512533 1 650.00 English Books
      Non-fiction Janak Puri Janak Puri 06/09/2013 BSB/BL883/09.03.2013/169/08.03.2013/22.03.2013 650.00 791.430954 BAS B-512535 1 650.00 English Books
      Non-fiction Karol Bagh Karol Bagh 06/09/2013 BSB/BL883/09.03.2013/169/08.03.2013/22.03.2013 650.00 791.430954 BAS B-512537 1 650.00 English Books
      Non-fiction Patel Nagar Patel Nagar 06/09/2013 BSB/BL883/09.03.2013/169/08.03.2013/22.03.2013 650.00 791.430954 BAS B-512534 1 650.00 English Books
      Non-fiction Sarojini Nagar Sarojini Nagar 06/09/2013 BSB/BL883/09.03.2013/169/08.03.2013/22.03.2013 650.00 791.430954 BAS B-512536 1 650.00 English Books

© Delhi Public Library
Hit Counter
free hit counter